Multiple Choice City Quiz – Beijing - Statistics

General Stats
  • This quiz has been taken 13,535 times
    13,468 since last reset
  • The average score is 7 of 10
Answer Stats
Question Answer % Correct
What was the former English name for Beijing, widely used before the late 20th century? Peking
97%
What is the name of the imperial palace complex in the heart of Beijing? Forbidden City
94%
What gigantic city square lies just outside the above? Tiananmen Square
91%
Which of these photos represents a Beijing culinary speciality?
70%
Which of these statements about Beijing is true? It's the only city to host both the Summer and Winter Olympics
68%
In Chinese, Beijing is spelled 北京. What are the meaning of these letters? Northern capital
63%
When was the last time Beijing was occupied by a foreign army? The Japanese in 1945
63%
What port city lies just outside Beijing? Tianjin
60%
Which of these people was born in Beijing? Xi Jinping
53%
Which picture depicts the Temple of Heaven?
45%
No matching quizzes found
Score Distribution
Percent of People with Each Score
Percentile by Number Answered
Your Score History
You have not taken this quiz since the last reset